La constitucionalización de la justicia y la autonomía judicial : (Registro nro. 7014)

Detalles MARC
000 -LEADER
fixed length control field 01463cam a2200277 a 4500
003 - CONTROL NUMBER IDENTIFIER
control field OSt
005 - DATE AND TIME OF LATEST TRANSACTION
control field 20201123123001.0
008 - FIXED-LENGTH DATA ELEMENTS--GENERAL INFORMATION
fixed length control field 110921s2009 ck r 000 0 spa d
020 ## - INTERNATIONAL STANDARD BOOK NUMBER
International Standard Book Number 9789587191554
040 ## - CATALOGING SOURCE
Original cataloging agency CO-BoPUJ
Transcribing agency CO-JMCR
041 0# - LANGUAGE CODE
Language code of text/sound track or separate title spa
082 04 - DEWEY DECIMAL CLASSIFICATION NUMBER
Classification number 342.22 /
Item number M385c
Edition number 23
100 1# - MAIN ENTRY--PERSONAL NAME
Personal name Martínez Sánchez, Mauricio,
Relator term autor
9 (RLIN) 10061
245 13 - TITLE STATEMENT
Title La constitucionalización de la justicia y la autonomía judicial :
Remainder of title la tutela contra providencias judiciales en Colombia y España /
Statement of responsibility, etc. Mauricio Martínez
250 ## - EDITION STATEMENT
Edition statement Primera edición
260 ## - PUBLICATION, DISTRIBUTION, ETC.
Place of publication, distribution, etc. Bogotá :
Name of publisher, distributor, etc. Universidad Nacional de Colombia,
Date of publication, distribution, etc. 2009
300 ## - PHYSICAL DESCRIPTION
Extent 415 páginas
Dimensions 23 cm.
502 ## - DISSERTATION NOTE
Dissertation note Tesis laureada Summa Cum Laude por unanimidad - para recibir el doctorado europeo en Derecho Constitucional.
504 ## - BIBLIOGRAPHY, ETC. NOTE
Bibliography, etc. note Incluye referencias bibliográficas: páginas 399-412.
505 0# - FORMATTED CONTENTS NOTE
Formatted contents note Neoconstitucionalismo y garantismo -- La autonomía judicial condicionada en el estado constitucional -- La supremacía de los tribunales constitucionales -- La acción de tutela contra providencias judiciales -- Los derechos fundamentales víctimas del conflicto -- Las tensiones con el ejecutivo y el legislativo por el control constitucional -- Balance y propuesta de solución
650 14 - SUBJECT ADDED ENTRY--TOPICAL TERM
Topical term or geographic name entry element Tutela
Geographic subdivision Colombia
9 (RLIN) 12415
650 24 - SUBJECT ADDED ENTRY--TOPICAL TERM
Topical term or geographic name entry element Tutela
Geographic subdivision España
9 (RLIN) 12416
650 24 - SUBJECT ADDED ENTRY--TOPICAL TERM
Topical term or geographic name entry element Administración de justicia
Geographic subdivision Colombia
9 (RLIN) 8342
650 24 - SUBJECT ADDED ENTRY--TOPICAL TERM
Topical term or geographic name entry element Administración de justicia
Geographic subdivision España
9 (RLIN) 12417
942 ## - ADDED ENTRY ELEMENTS (KOHA)
Source of classification or shelving scheme Dewey Decimal Classification
Koha item type Books
Existencias
Withdrawn status Lost status Source of classification or shelving scheme Damaged status Not for loan Home library Current library Shelving location Date acquired Source of acquisition Total Checkouts Full call number Barcode Date last seen Copy number Price effective from Koha item type
    Dewey Decimal Classification     Biblioteca Pública José María del Castillo y Rada Biblioteca Pública José María del Castillo y Rada General Stacks 04/15/2018 Donación   342.22 / M385c 201810216 05/16/2024 Ej.1 04/15/2018 Books